书目信息 |
| 题名: |
最喜今生为书忙
|
|
| 作者: | 杨牧之 著 | |
| 分册: | ||
| 出版信息: | 北京 中华书局 2020.2 |
|
| 页数: | 385页 | |
| 开本: | 23cm | |
| 丛书名: | ||
| 单 册: | ||
| 中图分类: | G239.21-53 | |
| 科图分类: | ||
| 主题词: | 出版工作--chu ban gong zuo--中国--文集 | |
| 电子资源: | ||
| ISBN: | 978-7-101-14339-3 | |
| 000 | 01218nam0 2200241 450 | |
| 001 | 2131069051 | |
| 005 | 20211029202829.0 | |
| 010 | @a978-7-101-14339-3@dCNY168.00 | |
| 100 | @a20200602d2020 em y0chiy0120 ea | |
| 101 | 0 | @achi |
| 102 | @aCN@b110000 | |
| 105 | @aa z 000yy | |
| 106 | @ar | |
| 200 | 1 | @a最喜今生为书忙@Azui xi jin sheng wei shu mang@f杨牧之著 |
| 210 | @a北京@c中华书局@d2020.2 | |
| 215 | @a385页@c照片@d23cm | |
| 314 | @a杨牧之,1966年7月毕业于北京大学中文系,由国家统一分配进入中华书局,其间参与创办并主持《文史知识》月刊,编审。1987年5月调入国家新闻出版署(总署) 任司长、党组成员、副署长,兼任全国古籍整理出版规划领导小组常务副组长。 | |
| 330 | @a《最喜今生为书忙》,杨牧之著。收录了杨牧之先生近三十篇与书、与出版相关的文字,内容包括作者担任出版管理工作期间对所组织的大型图书项目的相关记述,以及政策性的报告、文章,作者在编辑工作岗位上所积累的经验,作者作为出版人和读书人对书刊编辑、校对、写作、出版事业、文化发展的思考和感悟,以及工作中点滴往事的回忆。所有内容都离不开“书”,寄托了作者对于书的深深眷恋。 | |
| 606 | 0 | @a出版工作@Achu ban gong zuo@y中国@j文集 |
| 690 | @aG239.21-53@v5 | |
| 701 | 0 | @a杨牧之@Ayang mu zhi@4著 |
| 801 | 0 | @aCN@b百万庄@c20211029 |
| 905 | @b1313914-15@dG239.21-53@e128@f2 | |
| 最喜今生为书忙/杨牧之著.-北京:中华书局,2020.2 |
| 385页:照片;23cm |
| ISBN 978-7-101-14339-3:CNY168.00 |
| 《最喜今生为书忙》,杨牧之著。收录了杨牧之先生近三十篇与书、与出版相关的文字,内容包括作者担任出版管理工作期间对所组织的大型图书项目的相关记述,以及政策性的报告、文章,作者在编辑工作岗位上所积累的经验,作者作为出版人和读书人对书刊编辑、校对、写作、出版事业、文化发展的思考和感悟,以及工作中点滴往事的回忆。所有内容都离不开“书”,寄托了作者对于书的深深眷恋。 |
| ● |
| 相关链接 |
|
|
|
|
正题名:最喜今生为书忙
索取号:G239.21-53/128
 
预约/预借
| 序号 | 登录号 | 条形码 | 馆藏地/架位号 | 状态 | 备注 |
| 1 | 1313914 | 213139147 | 第一样本阅览室/ [索取号:G239.21-53/128] | 在馆 | |
| 2 | 1313915 | 213139156 | 第四借阅区/ [索取号:G239.21-53/128] | 在馆 |